| 000 -ლიდერი |
| ფიქსირებული სიგრძის საკონტროლო ველი |
01684nam a22002657a 4500 |
| 003 - საკონტროლო ნომრის იდენტიფიკატორი |
| საკონტროლო ველი |
Ge_BSU |
| 005 - ბოლო ოპერაციის თარიღი და დრო |
| საკონტროლო ველი |
20230210130059.0 |
| 008 - ფიქსირებული სიგრძის მონაცემთა ელემენტები - ზოგადი ინფორმაცია |
| ფიქსირებული სიგრძის საკონტროლო ველი |
230210s2001 ge ||||| |||| 00| 0 geo d |
| 041 ## - ენის კოდი |
| Language code of text/sound track or separate title |
geo |
| 080 ## - უნივერსალური ათობითი კლასიფიკაციის ინდექსი |
| Universal Decimal Classification number |
355.1(479.22)+342.742(479.22) ქ-27 |
| 245 ## - ცნობა სათაურის შესახებ |
| Title |
ქართული ჯარი : |
| Remainder of title |
კანონსა და სინამდვილეს შორის / |
| Statement of responsibility, etc |
[ავტ.: ირაკლი სესიაშვილი, ლევან პაიჭაძე, დავით დარჩიაშვილი და სხვ.] ; ასოციაცია "სამართალი და თავისუფლება". |
| 264 ## - წარმოების, გამოცემის, დისტრიბუციის და სხვა ცნობები |
| გამოცემის, წარმოების, დისტრიბუციის... ადგილი |
თბილისი, |
| გამოცემის, წარმოების, დისტრიბუციის... თარიღი |
2001. |
| 300 ## - ფიზიკური აღწერა |
| Extent |
196 გვ. ; |
| Other physical details |
20 სმ. |
| 653 ## - INDEX TERM--UNCONTROLLED |
| Uncontrolled term |
საქართველოს არმია |
| 653 ## - INDEX TERM--UNCONTROLLED |
| Uncontrolled term |
ჯარისკაცთა უფლებები |
| 653 ## - INDEX TERM--UNCONTROLLED |
| Uncontrolled term |
საქართველოს სამხედრო კანონმდებლობა. |
| 700 ## - ADDED ENTRY--PERSONAL NAME |
| Personal name |
სესიაშვილი, ირაკლი |
| Relator term |
ავტორი |
| 9 (RLIN) |
936 |
| 700 ## - ADDED ENTRY--PERSONAL NAME |
| Personal name |
პაიჭაძე, ლევან |
| Relator term |
ავტორი |
| 9 (RLIN) |
16882 |
| 700 ## - ADDED ENTRY--PERSONAL NAME |
| Personal name |
დარჩიაშვილი, დავით |
| Relator term |
ავტორი |
| 9 (RLIN) |
3480 |
| 700 ## - ADDED ENTRY--PERSONAL NAME |
| Personal name |
კიკალეიშვილი, მამუკა |
| Relator term |
ავტორი |
| 9 (RLIN) |
16883 |
| 700 ## - ADDED ENTRY--PERSONAL NAME |
| Personal name |
კიკალეიშვილი, დავით |
| Relator term |
ავტორი |
| 9 (RLIN) |
16884 |
| 700 ## - ADDED ENTRY--PERSONAL NAME |
| Personal name |
ალაფიშვილი, ლევან |
| Relator term |
ავტორი |
| 9 (RLIN) |
16885 |
| 710 ## - ADDED ENTRY--CORPORATE NAME |
| Corporate name or jurisdiction name as entry element |
ასოციაცია "სამართალი და თავისუფლება". |
| 9 (RLIN) |
16886 |
| 942 ## - ADDED ENTRY ELEMENTS (KOHA) |
| Source of classification or shelving scheme |
|
| Koha item type |
წიგნი |